Automatické rozpoznávanie objektov inteligentnou (smart) kamerou

Salvato in:
Dettagli Bibliografici
Autore principale: Pakan, Filip, 1989- (Autore)
Altri autori: Benešová, Vanda, 1959- (Relatore della tesi)
Natura: Manoscritto Libro
Lingua:slovacco
Pubblicazione: Bratislava : STU v Bratislave FIIT, 2012
Soggetti:
Accesso online:VAIS
Tags: Aggiungi Tag
Nessun Tag, puoi essere il primo ad aggiungerne!!

MARC

LEADER 00000ntm a22000003a 4500
001 stu249889
005 20150617230225.4
008 120630s2012----xo------------------slo-d
040 |a STU  |b slo 
041 0 |a slo 
044 |a xo 
100 1 |a Pakan, Filip,  |d 1989-  |4 aut  |u I200  |U FIIT Fakulta informatiky a informačných technológií  |T FIIT Ústav informatiky a softvérového inžinierstva  |X 64422  |U I200  |Y 179  |7 A000064422 
242 0 0 |a Automatic object recognition using smart camera  |y eng 
245 1 |a Automatické rozpoznávanie objektov inteligentnou (smart) kamerou 
260 |a Bratislava :  |b STU v Bratislave FIIT,  |c 2012 
300 |a 59 s  |c príl. 
650 7 |a informatika  |2 stusub 
650 7 |a Informatics  |2 estusub 
650 7 |a deskriptory  |2 stusub 
650 7 |a rozpoznávanie objektov  |2 stusub 
650 7 |a detekcia objektov  |2 stusub 
650 7 |a počítačové videnie  |2 stusub 
700 1 |a Benešová, Vanda,  |d 1959-  |4 ths  |u I300  |U FIIT Fakulta informatiky a informačných technológií  |T FIIT Ústav aplikovanej informatiky  |X 63121  |U I300  |Y 180  |7 63121 
856 4 |a info a plný text  |u http://is.stuba.sk/zp/portal_zp.pl?podrobnosti=65255  |3 VAIS 
996 |b IBAP91/12  |c I*BAP91/12  |l II680  |s P  |a 0  |w stu249889_0001